| 000 | 00554nam a2200217 i 4500 | ||
|---|---|---|---|
| 001 | bg | ||
| 100 | 1 | _aCLARK, Keith L. | |
| 245 | 0 |
_aMicro-Prolog : _bprogramming in logic / _cK.L. Clark, F. McCabe. |
|
| 260 |
_aNew York : _bPrentice Hall, _c1984. |
||
| 650 | 9 | _aProlog | |
| 650 | 9 | _aProgramowanie (informat.) | |
| 655 | _aPodręczniki | ||
| 700 | 1 | _aMcCABE, Frank G. | |
| 020 | _a013581264X | ||
| 040 | _cBPK | ||
| 041 | _apol | ||
| 080 | _a004.42(07) | ||
| 920 | _a0-13-581264-X | ||
| 942 | _cKS | ||
| 008 | s pl f |000 0 pol | ||
| 999 |
_c23775 _d23775 |
||
| 856 |
_uhttp://koha.tu.koszalin.pl/cgi-bin/koha/opac-detail.pl?biblionumber=23775 _yKatalog online BPK |
||